000 00306nam a22001457a 4500
003 SGT
082 _a617, A14H
100 _aHOLCOMB, GEORGE W.
245 _aASHCRAFT'S PEDIATRIC SURGERY
250 _a6TH
260 _aLONDON
_bELSEVIER
_c2014
300 _a1165
650 _aSURGERY
942 _2ddc
_cBK
999 _c8408
_d8408